| 000 | 00834nam a2200241 a 4500 | ||
|---|---|---|---|
| 001 | BRL_1267 | ||
| 005 | 20190320211123.0 | ||
| 008 | 091213s1933----mx-a######---#000-0#spa-# | ||
| 041 | _aspaeng | ||
| 044 | _amx | ||
| 050 | 4 |
_aF1219 _b.M66 1933 |
|
| 245 | 1 | 0 | _aMonumentos arqueológicos de México. |
| 260 |
_aMéxico _bTalleres Gráficos de la Nación _c1933 |
||
| 300 |
_axiv p. _bil., 150 láminas, mapas _c24 cm. |
||
| 500 | _aIncluye índice de láminas | ||
| 500 | _aA la cabeza de la portada: Publicaciones de la Secretaría de Educación Pública. Departamento de Monumentos. Dirección de Monumentos Prehispánicos | ||
| 500 | _aAu1446 | ||
| 546 | _aTexto en : español e inglés | ||
| 650 | 1 | 4 |
_aIndígenas de México _xAntigüedades _9509 |
| 651 | 4 |
_aMéxico _xAntigüedades _92765 |
|
| 902 | _aGRL | ||
| 942 |
_2lcc _cB |
||
| 999 |
_c10079 _d10079 |
||